[Event "Belgrade Gligoric 100 Ann op"]
[Site "Belgrade"]
[Date "2023.02.05"]
[Round "3"]
[White "Martynov, Aleksandr1111"]
[Black "Skare, Goran"]
[Result "1-0"]
[WhiteElo "1660"]
[BlackElo "2166"]
[PlyCount "117"]
[EventDate "2023.02.05"]
[EventType "swiss (blitz)"]
[EventRounds "11"]
[EventCountry "SRB"]
[SourceTitle "EXT 2024"]
[Source "ChessBase"]
[SourceDate "2023.10.10"]
[SourceVersion "1"]
[SourceVersionDate "2023.10.10"]
[SourceQuality "1"]

1. e4 e6 2. d4 d5 3. Bd3 c5 4. exd5 exd5 5. Nf3 Nc6 6. 0-0 cxd4 7. Re1+ Be7 8. Bg5 h6 9. Bh4 Be6 10. Bg3 Nf6 11. Rxe6 fxe6 12. Bg6+ Kd7 13. Nxd4 Nxd4 14. Qxd4 Qb6 15. Qa4+ Qc6 16. Qb3 Bd6 17. Bxd6 Kxd6 18. Nc3 a6 19. Re1 b5 20. Qb4+ Kd7 21. Bf7 Rhe8 22. Bxe8+ Rxe8 23. Qd4 Rc8 24. a3 Qd6 25. h3 Rc4 26. Qa7+ Rc7 27. Qa8 d4 28. Ne4 Nxe4 29. Qxe4 Rc5 30. f4 Rd5 31. Qg6 Qe7 32. g4 Qf6 33. Qe4 g5 34. f5 Kd6 35. Qxe6+ Qxe6 36. Rxe6+ Kd7 37. Rxh6 d3 38. cxd3 Rxd3 39. Rh5 Rd1+ 40. Kf2 Rd2+ 41. Kf3 Rxb2 42. Rxg5 Rb3+ 43. Kf4 Rxh3 44. Rg7+ Ke8 45. Ra7 Rxa3 46. Kg5 b4 47. Kf6 b3 48. Ke6 Kd8 49. f6 b2 50. Rb7 Re3+ 51. Kf5 Rf3+ 52. Kg6 Rf2 53. g5 Kc8 54. Rb3 a5 55. f7 a4 56. Rxb2 Rxb2 57. f8Q+ Kb7 58. Qg7+ Ka6 59. Qxb2 1-0

[Event "Belgrade Gligoric 100 Ann op"]
[Site "Belgrade"]
[Date "2023.02.05"]
[Round "6"]
[White "Simonovic, Miroslav"]
[Black "Skare, Goran"]
[Result "0-1"]
[WhiteElo "2115"]
[BlackElo "2166"]
[PlyCount "98"]
[EventDate "2023.02.05"]
[EventType "swiss (blitz)"]
[EventRounds "11"]
[EventCountry "SRB"]
[SourceTitle "EXT 2024"]
[Source "ChessBase"]
[SourceDate "2023.10.10"]
[SourceVersion "1"]
[SourceVersionDate "2023.10.10"]
[SourceQuality "1"]

1. d4 Nf6 2. Bg5 Ne4 3. h4 d5 4. Nd2 Nxd2 5. Qxd2 h6 6. Bf4 Bf5 7. e3 e6 8. Bd3 Bxd3 9. Qxd3 c6 10. Ne2 Qb6 11. 0-0-0 Qa6 12. a3 Qxd3 13. Rxd3 Nd7 14. f3 0-0-0 15. e4 Be7 16. h5 dxe4 17. fxe4 Bg5 18. e5 Nb6 19. g3 Rd7 20. b3 a5 21. c4 Kc7 22. Kc2 a4 23. Rf1 axb3+ 24. Kxb3 c5 25. Rfd1 Bxf4 26. gxf4 g6 27. hxg6 fxg6 28. d5 h5 29. d6+ Kc6 30. Rg1 Rh6 31. Rdg3 Rg7 32. Rg5 h4 33. R1g2 Nd7 34. Ng1 b5 35. Rh2 bxc4+ 36. Kxc4 Nb6+ 37. Kb3 Nd5 38. Nh3 Rb7+ 39. Ka2 c4 40. Rc2 c3 41. Rg1 Kc5 42. Rb1 Rxb1 43. Kxb1 Rh8 44. Ra2 Kc4 45. a4 Kb3 46. Ra1 Nb4 47. Nf2 h3 48. a5 h2 49. a6 h1Q+ 0-1

[Event "Belgrade Gligoric 100 Ann op"]
[Site "Belgrade"]
[Date "2023.02.05"]
[Round "5"]
[White "Skare, Goran"]
[Black "Markovic, Jevrem"]
[Result "0-1"]
[WhiteElo "2166"]
[BlackElo "2069"]
[PlyCount "55"]
[EventDate "2023.02.05"]
[EventType "swiss (blitz)"]
[EventRounds "11"]
[EventCountry "SRB"]
[SourceTitle "EXT 2024"]
[Source "ChessBase"]
[SourceDate "2023.10.10"]
[SourceVersion "1"]
[SourceVersionDate "2023.10.10"]
[SourceQuality "1"]

1. d4 f5 2. Nf3 Nf6 3. g3 g6 4. Bg2 Bg7 5. 0-0 0-0 6. c4 d6 7. Nc3 a5 8. d5 Na6 9. Nd4 Nc5 10. h3 Bd7 11. Re1 Qc8 12. Kh2 e5 13. dxe6 Nxe6 14. Be3 f4 15. gxf4 Nh5 16. Nd5 Kh8 17. Qd2 Nexf4 18. Bxf4 Nxf4 19. Nxf4 Rxf4 20. e3 Rh4 21. Nf3 Rh5 22. Ng1 g5 23. f3 Be5+ 24. f4 Bg7 25. fxg5 Be5+ 26. Kh1 Qg8 27. Rf1 Qxg5 28. Rf3 0-1

[Event "Belgrade Gligoric 100 Ann op"]
[Site "Belgrade"]
[Date "2023.02.05"]
[Round "11"]
[White "Skare, Goran"]
[Black "Tadic, Stefan"]
[Result "1-0"]
[WhiteElo "2166"]
[BlackElo "2347"]
[PlyCount "137"]
[EventDate "2023.02.05"]
[EventType "swiss (blitz)"]
[EventRounds "11"]
[EventCountry "SRB"]
[SourceTitle "EXT 2024"]
[Source "ChessBase"]
[SourceDate "2023.10.10"]
[SourceVersion "1"]
[SourceVersionDate "2023.10.10"]
[SourceQuality "1"]

1. d4 Nf6 2. Nf3 g6 3. Bg5 Bg7 4. Nbd2 0-0 5. c3 h6 6. Bh4 d6 7. e4 g5 8. Bg3 Nh5 9. Bc4 e6 10. Bb3 c5 11. dxc5 Nxg3 12. hxg3 dxc5 13. Qe2 Nc6 14. Bc2 Qc7 15. a4 b6 16. Bd3 Rd8 17. Bb5 a6 18. Bd3 Bb7 19. Bc2 Rd7 20. Nh2 Rad8 21. Ndf3 Ne5 22. Nxe5 Qxe5 23. Ng4 Qd6 24. Nxh6+ Bxh6 25. Rxh6 Qd2+ 26. Qxd2 Rxd2 27. Rc1 Kg7 28. Rh1 b5 29. axb5 axb5 30. Rg1 b4 31. Rd1 Rxd1+ 32. Bxd1 Bxe4 33. cxb4 cxb4 34. Ke2 Bd3+ 35. Ke3 Bc4 36. Bc2 b3 37. Bb1 Bd5 38. g4 Kf6 39. f3 Ke5 40. Rc1 f5 41. gxf5 exf5 42. Bd3 f4+ 43. Ke2 g4 44. fxg4 Bxg2 45. Rc5+ Kd6 46. Rf5 f3+ 47. Ke3 Ke7 48. g5 Ke6 49. Rf6+ Ke5 50. Rf5+ Ke6 51. Rf6+ Ke7 52. Be4 Rd1 53. Bxf3 Bxf3 54. Rxf3 Rg1 55. Kf4 Rg2 56. Rxb3 Rf2+ 57. Kg3 Rc2 58. Rb6 Kf7 59. g6+ Kg7 60. b4 Re2 61. b5 Re5 62. Kf4 Re1 63. Rc6 Re2 64. b6 Re1 65. Kf5 Rf1+ 66. Ke5 Re1+ 67. Kd6 Kxg6 68. Kc7+ Kf7 69. b7 1-0

[Event "Belgrade-chT Quality"]
[Site "Belgrade"]
[Date "2022.10.01"]
[Round "1.1"]
[White "Skare, Goran"]
[Black "Mijatovic, Dusan"]
[Result "1/2-1/2"]
[WhiteElo "2165"]
[BlackElo "2173"]
[PlyCount "37"]
[EventDate "2022.10.01"]
[EventType "team-tourn"]
[EventRounds "11"]
[EventCountry "SRB"]
[SourceTitle "CBM 210 Extra"]
[Source "ChessBase"]
[SourceDate "2022.11.30"]
[SourceVersion "1"]
[SourceVersionDate "2022.11.30"]
[SourceQuality "1"]
[WhiteTeam "Belgrade PTT"]
[BlackTeam "Belgrade Mirijevo"]
[WhiteTeamCountry "SRB"]
[BlackTeamCountry "SRB"]

1. d4 Nf6 2. c4 e6 3. Nc3 Bb4 4. Qc2 0-0 5. a3 Bxc3+ 6. Qxc3 d5 7. Bg5 c5 8. cxd5 cxd4 9. Qxd4 Nc6 10. Qh4 exd5 11. Bxf6 Qxf6 12. Qxf6 gxf6 13. Nf3 d4 14. Rd1 Rd8 15. e3 Bg4 16. Be2 dxe3 17. Rxd8+ Rxd8 18. fxe3 Ne7 19. Nd4 1/2-1/2

[Event "Belgrade-chT Quality"]
[Site "Belgrade"]
[Date "2021.11.14"]
[Round "10.5"]
[White "Skare, Goran"]
[Black "Rodic, Filip"]
[Result "1-0"]
[WhiteElo "2219"]
[BlackElo "1744"]
[PlyCount "111"]
[EventDate "2021.10.16"]
[EventType "team-tourn"]
[EventRounds "11"]
[EventCountry "SRB"]
[SourceTitle "EXT 2023"]
[Source "ChessBase"]
[SourceDate "2022.10.05"]
[SourceVersion "1"]
[SourceVersionDate "2022.10.05"]
[SourceQuality "1"]
[WhiteTeam "Belgrade Mladenovac"]
[BlackTeam "Belgrade Zemun"]
[WhiteTeamCountry "SRB"]
[BlackTeamCountry "SRB"]

1. d4 Nf6 2. c4 e6 3. Nc3 Bb4 4. Qc2 c5 5. dxc5 Bxc5 6. e3 0-0 7. Nf3 d6 8. a3 a5 9. Bd3 h6 10. 0-0 Bd7 11. b3 Bc6 12. Nd4 Nbd7 13. Rb1 Ne5 14. Be2 Qb6 15. Rd1 d5 16. Nxc6 Qxc6 17. cxd5 exd5 18. Na4 Be7 19. Qxc6 bxc6 20. Bb2 Ned7 21. Rdc1 Rfc8 22. Bxf6 Bxf6 23. Bg4 Ne5 24. Bxc8 Rxc8 25. Nc5 Rc7 26. Kf1 Kf8 27. Ke2 Ke7 28. f4 Nd7 29. e4 dxe4 30. Ke3 Nb6 31. Nxe4 Nd5+ 32. Kf3 Bd4 33. f5 c5 34. g4 f6 35. b4 axb4 36. axb4 cxb4 37. Rxc7+ Nxc7 38. Rxb4 Be5 39. h4 Kf7 40. Rb7 Ke7 41. h5 Kd7 42. Rb8 Ke7 43. Nc5 Bd6 44. Rb7 Kd8 45. Ne6+ Kc8 46. Ra7 Kb8 47. Nxc7 Bxc7 48. Ra2 Kc8 49. Ke4 Kd8 50. Kd5 Bb6 51. Ke6 Be3 52. Ra8+ Kc7 53. Rg8 Bg5 54. Rxg7+ Kd8 55. Rg8+ Kc7 56. Rxg5 1-0

[Event "Belgrade-chT Quality"]
[Site "Belgrade"]
[Date "2021.11.13"]
[Round "9.5"]
[White "Stojkovic, Nenad P"]
[Black "Skare, Goran"]
[Result "1/2-1/2"]
[WhiteElo "2071"]
[BlackElo "2219"]
[PlyCount "33"]
[EventDate "2021.10.16"]
[EventType "team-tourn"]
[EventRounds "11"]
[EventCountry "SRB"]
[SourceTitle "EXT 2023"]
[Source "ChessBase"]
[SourceDate "2022.10.05"]
[SourceVersion "1"]
[SourceVersionDate "2022.10.05"]
[SourceQuality "1"]
[WhiteTeam "Belgrade Banjica"]
[BlackTeam "Belgrade Mladenovac"]
[WhiteTeamCountry "SRB"]
[BlackTeamCountry "SRB"]

1. c4 c6 2. d4 d5 3. Nf3 Nf6 4. g3 Bf5 5. Bg2 e6 6. 0-0 Be7 7. Nc3 h6 8. Nd2 0-0 9. e4 dxe4 10. Ndxe4 Nxe4 11. Nxe4 Nd7 12. Be3 Re8 13. Qb3 Qb6 14. Qa4 Qb4 15. Qxb4 Bxb4 16. a3 Bf8 17. Rfd1 1/2-1/2

[Event "Belgrade Spring op"]
[Site "Belgrade"]
[Date "2021.04.09"]
[Round "9"]
[White "Skare, Goran"]
[Black "Milosevic, Milos"]
[Result "0-1"]
[WhiteElo "2233"]
[BlackElo "2334"]
[PlyCount "108"]
[EventDate "2021.04.02"]
[EventType "swiss"]
[EventRounds "9"]
[EventCountry "SRB"]
[SourceTitle "CBM 202 Extra"]
[Source "ChessBase"]
[SourceDate "2021.07.31"]
[SourceVersion "1"]
[SourceVersionDate "2021.07.31"]
[SourceQuality "1"]

1. d4 Nf6 2. c4 g6 3. Nc3 d5 4. Nf3 Bg7 5. g3 0-0 6. Bg2 dxc4 7. 0-0 c6 8. a4 Na6 9. Ne5 Ng4 10. f4 c5 11. e3 cxd4 12. exd4 Nf6 13. Kh1 Nb4 14. Nxc4 Bg4 15. Qd2 Qc8 16. Ne5 Bh3 17. Qe2 Bxg2+ 18. Kxg2 Qe6 19. Rd1 Rac8 20. Be3 Nfd5 21. Nxd5 Nxd5 22. Re1 Nxe3+ 23. Qxe3 Rc2+ 24. Re2 Rfc8 25. Kf2 Rxe2+ 26. Qxe2 Qb3 27. Ra3 Qb4 28. Ke3 Rd8 29. Rd3 Qxa4 30. Nf3 e6 31. Qd2 Qb5 32. Rc3 Qb6 33. Rc4 Bf8 34. Qc3 a5 35. b3 h6 36. Rc7 Bd6 37. Rc4 Bb4 38. Qc2 Kg7 39. Rc7 Bd6 40. Rc4 Qb5 41. Qc3 Qd5 42. Qc2 b5 43. Rc6 Ra8 44. Rb6 a4 45. Qc6 Qxc6 46. Rxc6 a3 47. Rc1 a2 48. Ra1 Ba3 49. Rxa2 Bc1+ 50. Rd2 Kf6 51. Kd3 Bxd2 52. Nxd2 Ra2 53. Ne4+ Ke7 54. h4 Rg2 0-1

[Event "Belgrade Radnicki"]
[Site "Belgrade"]
[Date "2019.12.05"]
[Round "3"]
[White "Skare, Goran"]
[Black "Govedarica, Radovan"]
[Result "0-1"]
[WhiteElo "2235"]
[BlackElo "2330"]
[PlyCount "86"]
[EventDate "2019.12.03"]
[EventType "tourn"]
[EventRounds "9"]
[EventCountry "SRB"]
[SourceTitle "CBM 193 Extra"]
[Source "ChessBase"]
[SourceDate "2020.01.31"]
[SourceVersion "1"]
[SourceVersionDate "2020.01.31"]
[SourceQuality "1"]

1. d4 Nf6 2. c4 c5 3. d5 b5 4. cxb5 a6 5. b6 Qxb6 6. Nc3 g6 7. e4 d6 8. h3 Bg7 9. Nf3 0-0 10. Be2 a5 11. a4 Ba6 12. 0-0 Nbd7 13. Re1 Ne8 14. Qc2 Nc7 15. Rb1 Bxe2 16. Rxe2 Rab8 17. Bg5 Qb3 18. Qxb3 Rxb3 19. Nd2 Rb6 20. Bxe7 Re8 21. Bg5 Bxc3 22. bxc3 Nxd5 23. Rc1 Rb2 24. Ree1 N5b6 25. Ra1 f6 26. Be3 Ne5 27. Reb1 Rxb1+ 28. Rxb1 Nbc4 29. Nxc4 Nxc4 30. Bh6 Kf7 31. Rb7+ Re7 32. Rb8 Rxe4 33. Rf8+ Ke6 34. Rh8 Ne5 35. g3 Nf7 36. Rxh7 Rxa4 37. Be3 Rc4 38. Rg7 g5 39. Rg8 Rxc3 40. Ra8 Ne5 41. Kg2 Nc4 42. Kf3 d5 43. h4 gxh4 0-1

[Event "Belgrade Trophy 32nd"]
[Site "Belgrade"]
[Date "2018.11.28"]
[Round "5"]
[White "Skare, Goran"]
[Black "Bukvic, Mihailo"]
[Result "1/2-1/2"]
[WhiteElo "2244"]
[BlackElo "2044"]
[PlyCount "78"]
[EventDate "2018.11.24"]
[EventType "swiss"]
[EventRounds "9"]
[EventCountry "SRB"]
[SourceTitle "CBM 187 Extra"]
[Source "ChessBase"]
[SourceDate "2018.11.04"]
[SourceVersion "1"]
[SourceVersionDate "2018.11.04"]
[SourceQuality "1"]

1. d4 f5 2. Nf3 e6 3. g3 b6 4. Bg2 Bb7 5. 0-0 Nf6 6. c4 Be7 7. d5 0-0 8. Nd4 exd5 9. Nxf5 Ne4 10. Nxe7+ Qxe7 11. cxd5 d6 12. f3 Nf6 13. e4 Nbd7 14. Nc3 a5 15. Qd4 Qf7 16. Bg5 Qh5 17. Bxf6 Rxf6 18. Rf2 Ne5 19. f4 Ng4 20. Bf3 Raf8 21. Bxg4 Qxg4 22. Qd1 Rxf4 23. Qxg4 Rxg4 24. Rxf8+ Kxf8 25. Kf2 Ba6 26. Ke3 Ke7 27. a3 Rg6 28. b4 Kd7 29. bxa5 bxa5 30. Rb1 Rh6 31. Rb2 Kc8 32. Rf2 Rf6 33. Rxf6 gxf6 34. Kd4 Kb7 35. a4 Kb6 36. Nd1 Bc8 37. Nb2 Bd7 38. Nc4+ Ka6 39. Nb2 Kb6 1/2-1/2

[Event "Belgrade-chT Quality"]
[Site "Belgrade"]
[Date "2018.09.21"]
[Round "5.4"]
[White "Milicevic, Predrag I"]
[Black "Skare, Goran"]
[Result "1/2-1/2"]
[WhiteElo "2094"]
[BlackElo "2253"]
[PlyCount "55"]
[EventDate "2018.09.17"]
[EventType "team-tourn"]
[EventRounds "11"]
[EventCountry "SRB"]
[SourceTitle "CBM 186 Extra"]
[Source "ChessBase"]
[SourceDate "2018.08.24"]
[SourceVersion "1"]
[SourceVersionDate "2018.08.24"]
[SourceQuality "1"]
[WhiteTeam "Cukaricki"]
[BlackTeam "Rudovci Radnicki"]
[WhiteTeamCountry "SRB"]
[BlackTeamCountry "SRB"]

1. Nf3 d5 2. g3 c6 3. Bg2 Nf6 4. 0-0 Bf5 5. d3 e6 6. Nbd2 Be7 7. Qe1 h6 8. e4 Bh7 9. Qe2 0-0 10. Re1 a5 11. h4 a4 12. e5 Nfd7 13. Nf1 c5 14. Bf4 Nc6 15. N1h2 Kh8 16. Rad1 Ra6 17. Ng4 Rg8 18. Kh1 Nb4 19. a3 Nc6 20. Bh3 b5 21. c4 bxc4 22. dxc4 d4 23. Nd2 Rb6 24. Ne4 Qb8 25. Rd2 Bxe4+ 26. Qxe4 Na5 27. Qe2 Nf8 28. Bg2 1/2-1/2

[Event "Belgrade Letnji Jezero op"]
[Site "Belgrade"]
[Date "2018.08.08"]
[Round "5"]
[White "Skare, Goran"]
[Black "Lundin, Jan"]
[Result "1/2-1/2"]
[WhiteElo "2222"]
[BlackElo "2278"]
[PlyCount "77"]
[EventDate "2018.08.04"]
[EventType "swiss"]
[EventRounds "9"]
[EventCountry "SRB"]
[SourceTitle "CBM 185 Extra"]
[Source "ChessBase"]
[SourceDate "2018.07.29"]
[SourceVersion "1"]
[SourceVersionDate "2018.07.29"]
[SourceQuality "1"]

1. d4 d5 2. c4 e6 3. Nf3 c5 4. cxd5 exd5 5. g3 Nc6 6. Bg2 Nf6 7. 0-0 Be7 8. Nc3 0-0 9. dxc5 d4 10. Na4 Bf5 11. b3 Be4 12. Ne1 Re8 13. Nd3 Bxg2 14. Kxg2 Nd5 15. Bd2 Bf6 16. Rc1 Qe7 17. Re1 Rad8 18. b4 Qe4+ 19. Kg1 a6 20. Qb3 h5 21. Nf4 Bg5 22. Qf3 Bxf4 23. gxf4 Qxf3 24. exf3 Ncxb4 25. Re4 Nxa2 26. Rc4 Nac3 27. Nxc3 dxc3 28. Bxc3 Rxe4 29. fxe4 Nxf4 30. f3 Rd1+ 31. Kf2 Rc1 32. Ke3 g5 33. Kd2 Rh1 34. Rb4 Rxh2+ 35. Kd1 Ne6 36. Rxb7 Nxc5 37. Rb8+ Kh7 38. Rh8+ Kg6 39. Rg8+ 1/2-1/2

[Event "Belgrade Trophy 31st"]
[Site "Belgrade"]
[Date "2017.12.01"]
[Round "8"]
[White "Skare, Goran"]
[Black "Jovanovic, Sasa T"]
[Result "0-1"]
[WhiteElo "2272"]
[BlackElo "2196"]
[PlyCount "86"]
[EventDate "2017.11.24"]
[EventType "swiss"]
[EventRounds "9"]
[EventCountry "SRB"]
[SourceTitle "CBM 181 Extra"]
[Source "ChessBase"]
[SourceDate "2017.12.12"]
[SourceVersion "1"]
[SourceVersionDate "2017.12.12"]
[SourceQuality "1"]

1. d4 d5 2. c4 e6 3. Nc3 c5 4. e3 Nf6 5. Nf3 Nc6 6. a3 Ne4 7. cxd5 Nxc3 8. bxc3 exd5 9. Be2 Bd6 10. 0-0 0-0 11. Bb2 c4 12. e4 dxe4 13. Nd2 Na5 14. g3 Qe7 15. Nxc4 Nxc4 16. Bxc4 Be6 17. Be2 Rac8 18. Re1 Qg5 19. Bf1 Bg4 20. Qb3 Bf3 21. c4 b6 22. Bg2 Bxg2 23. Kxg2 Rfe8 24. Re2 h5 25. Rae1 Qf5 26. Kg1 h4 27. Qc2 h3 28. f4 Re7 29. Re3 Qg6 30. Kh1 f5 31. Qe2 Rec7 32. Rc1 Qf7 33. Rec3 Qg6 34. Re3 Rc6 35. Rc2 Bf8 36. Rc1 Qf7 37. d5 Rc5 38. g4 b5 39. gxf5 Qxf5 40. Rg3 Rxc4 41. Rcg1 Rc2 42. Qxb5 e3 43. Rxe3 Rxb2 0-1

[Event "Belgrade Trophy 31st"]
[Site "Belgrade"]
[Date "2017.11.27"]
[Round "4"]
[White "Skare, Goran"]
[Black "Tsironis, Alexandros"]
[Result "1-0"]
[WhiteElo "2272"]
[BlackElo "2028"]
[PlyCount "69"]
[EventDate "2017.11.24"]
[EventType "swiss"]
[EventRounds "9"]
[EventCountry "SRB"]
[SourceTitle "CBM 181 Extra"]
[Source "ChessBase"]
[SourceDate "2017.12.12"]
[SourceVersion "1"]
[SourceVersionDate "2017.12.12"]
[SourceQuality "1"]

1. d4 f5 2. Nf3 e6 3. g3 Nf6 4. Bg2 Be7 5. 0-0 0-0 6. c4 d6 7. Nc3 Qe8 8. Re1 Qg6 9. e4 Nxe4 10. Nxe4 fxe4 11. Rxe4 Nc6 12. Nh4 Qf7 13. f4 Bxh4 14. gxh4 d5 15. Re1 dxc4 16. d5 Rd8 17. dxc6 Rxd1 18. Rxd1 Qh5 19. Rd8+ Kf7 20. Be3 bxc6 21. Bxc6 Qg4+ 22. Kh1 Bb7 23. Rd7+ Ke8 24. Bxb7 Kxd7 25. Bxa8 c6 26. Bxa7 Qe2 27. a4 Qxb2 28. Rd1+ Ke7 29. Bc5+ Kf7 30. Bxc6 c3 31. Rd7+ Kg6 32. Be4+ Kh6 33. Bd4 g6 34. Bg7+ Kh5 35. Bf3+ 1-0

[Event "Belgrade-chT Premier"]
[Site "Belgrade"]
[Date "2017.09.27"]
[Round "9.1"]
[White "Brankovic, Vladislav"]
[Black "Skare, Goran"]
[Result "1/2-1/2"]
[WhiteElo "2104"]
[BlackElo "2280"]
[PlyCount "27"]
[EventDate "2017.09.18"]
[EventType "team"]
[EventRounds "9"]
[EventCountry "SRB"]
[SourceTitle "EXT 2018"]
[Source "ChessBase"]
[SourceDate "2017.10.13"]
[SourceVersion "1"]
[SourceVersionDate "2017.10.13"]
[SourceQuality "1"]
[WhiteTeam "Delfin"]
[BlackTeam "Rudovci Radnicki"]
[WhiteTeamCountry "SRB"]
[BlackTeamCountry "SRB"]

1. e4 e6 2. Qe2 c5 3. g3 Nc6 4. c3 Nge7 5. Bg2 d5 6. Nf3 g6 7. d4 cxd4 8. cxd4 dxe4 9. Qxe4 Bg7 10. Be3 Qb6 11. 0-0 0-0 12. Nbd2 Nd5 13. Nc4 Qd8 14. Nfe5 1/2-1/2

[Event "Belgrade-chT Premier"]
[Site "Belgrade"]
[Date "2017.09.26"]
[Round "8.1"]
[White "Skare, Goran"]
[Black "Djokic, Nenad"]
[Result "1/2-1/2"]
[WhiteElo "2280"]
[BlackElo "2312"]
[PlyCount "53"]
[EventDate "2017.09.18"]
[EventType "team"]
[EventRounds "9"]
[EventCountry "SRB"]
[SourceTitle "EXT 2018"]
[Source "ChessBase"]
[SourceDate "2017.10.13"]
[SourceVersion "1"]
[SourceVersionDate "2017.10.13"]
[SourceQuality "1"]
[WhiteTeam "Rudovci Radnicki"]
[BlackTeam "Belgrade"]
[WhiteTeamCountry "SRB"]
[BlackTeamCountry "SRB"]

1. d4 Nf6 2. c4 e6 3. Nf3 b6 4. g3 Ba6 5. b3 b5 6. cxb5 Bxb5 7. Nc3 Bb4 8. Bd2 Bc6 9. Bg2 Qc8 10. 0-0 Qb7 11. Ne1 Bxg2 12. Nxg2 0-0 13. Na4 a5 14. f3 Nc6 15. Be3 Nd5 16. Bf2 f5 17. Rc1 Ba3 18. Rc4 Nce7 19. Qd2 Nb6 20. Nxb6 cxb6 21. Nf4 Rac8 22. Rb1 Bb4 23. Qb2 b5 24. Rcc1 Nd5 25. Nxd5 Qxd5 26. Rxc8 Rxc8 27. Rc1 1/2-1/2

[Event "Belgrade-chT Premier"]
[Site "Belgrade"]
[Date "2017.09.23"]
[Round "5.1"]
[White "Srdic, Danilo"]
[Black "Skare, Goran"]
[Result "0-1"]
[WhiteElo "2110"]
[BlackElo "2280"]
[PlyCount "48"]
[EventDate "2017.09.18"]
[EventType "team"]
[EventRounds "9"]
[EventCountry "SRB"]
[SourceTitle "CBM 180 Extra"]
[Source "ChessBase"]
[SourceDate "2017.10.06"]
[SourceVersion "1"]
[SourceVersionDate "2017.10.06"]
[SourceQuality "1"]
[WhiteTeam "Mirijevo"]
[BlackTeam "Rudovci Radnicki"]
[WhiteTeamCountry "SRB"]
[BlackTeamCountry "SRB"]

1. e4 e6 2. d4 d5 3. Nc3 Bb4 4. Nge2 Nc6 5. e5 Nge7 6. a3 Ba5 7. b4 Bb6 8. Na4 0-0 9. Bg5 f6 10. exf6 gxf6 11. Bh6 Rf7 12. Nxb6 axb6 13. Ng3 e5 14. dxe5 fxe5 15. Be2 Qd6 16. Bg5 Ng6 17. 0-0 Nf4 18. Nh5 Nxe2+ 19. Qxe2 Nd4 20. Qd1 Qg6 21. Nf6+ Rxf6 22. Bxf6 Bh3 23. g3 Qxf6 24. c3 Nf3+ 0-1

[Event "Belgrade Jezero op"]
[Site "Belgrade"]
[Date "2017.08.11"]
[Round "7"]
[White "Skare, Goran"]
[Black "Pucarevic, Milenko"]
[Result "1-0"]
[WhiteElo "2268"]
[BlackElo "2233"]
[PlyCount "113"]
[EventDate "2017.08.05"]
[EventType "swiss"]
[EventRounds "9"]
[EventCountry "SRB"]
[SourceTitle "CBM 180 Extra"]
[Source "ChessBase"]
[SourceDate "2017.10.06"]
[SourceVersion "1"]
[SourceVersionDate "2017.10.06"]
[SourceQuality "1"]

1. d4 Nf6 2. c4 c5 3. d5 e5 4. Nc3 d6 5. e4 Be7 6. Bd3 0-0 7. h3 Ne8 8. Nf3 g6 9. g4 Ng7 10. Bh6 Na6 11. a3 Nc7 12. b4 b6 13. bxc5 bxc5 14. Rb1 Nce8 15. Qc2 Kh8 16. Ke2 Nf6 17. Ne1 Ng8 18. Be3 f5 19. f3 Nf6 20. Rg1 Nfe8 21. Qd2 Bh4 22. Ng2 f4 23. Nxh4 Qxh4 24. Bf2 Qe7 25. h4 Nf6 26. Rb3 Qd8 27. Kd1 Bd7 28. Kc2 Qc8 29. Be2 Rb8 30. Rxb8 Qxb8 31. Rb1 Qc8 32. g5 Nfe8 33. Be1 Nh5 34. Nb5 Bxb5 35. Rxb5 Qh3 36. Rb7 a5 37. Qxa5 Qg2 38. Qd2 Ng3 39. Bd1 Qf1 40. Kc3 h6 41. a4 Ng7 42. Qf2 Qh1 43. a5 Ra8 44. Kb2 Qxh4 45. gxh6 Qxh6 46. Ba4 Qh3 47. Bb5 Nf1 48. a6 Ng3 49. a7 Kh7 50. Bd7 Qh1 51. Bc6 Qh4 52. Rd7 Qh3 53. Rc7 Qh4 54. Ba5 Rxa7 55. Rxa7 Qh1 56. Bc7 Nf1 57. Ra1 1-0

[Event "Belgrade Jezero op"]
[Site "Belgrade"]
[Date "2017.08.09"]
[Round "5"]
[White "Skare, Goran"]
[Black "Lalic, Mile"]
[Result "1-0"]
[WhiteElo "2268"]
[BlackElo "2014"]
[PlyCount "63"]
[EventDate "2017.08.05"]
[EventType "swiss"]
[EventRounds "9"]
[EventCountry "SRB"]
[SourceTitle "CBM 180 Extra"]
[Source "ChessBase"]
[SourceDate "2017.10.06"]
[SourceVersion "1"]
[SourceVersionDate "2017.10.06"]
[SourceQuality "1"]

1. d4 c6 2. c4 Nf6 3. Nf3 d5 4. e3 e6 5. Nc3 Nbd7 6. Qc2 Bd6 7. Be2 0-0 8. 0-0 a6 9. e4 dxe4 10. Nxe4 Nxe4 11. Qxe4 Re8 12. c5 Be7 13. Bf4 Nf6 14. Qc2 Nd5 15. Bd2 h6 16. Rfe1 Bf6 17. Bf1 Re7 18. Rad1 Bd7 19. Qe4 Re8 20. Bd3 Kf8 21. Qh7 Ke7 22. a3 Rh8 23. Qe4 Kf8 24. Bc4 g6 25. Bf4 Nxf4 26. Qxf4 Kg7 27. Ne5 Qc7 28. Rd3 Raf8 29. Rf3 Bxe5 30. dxe5 Qd8 31. Rd1 Qe7 32. Qf6+ 1-0